| 000 | 00449nam a2200157 i 4500 | ||
|---|---|---|---|
| 001 | 20955 | ||
| 003 | ES-MaACL | ||
| 005 | 20230906152407.0 | ||
| 007 | t| | ||
| 008 | 021119s1925 pn ||||1| spa d | ||
| 245 | 0 | 0 | _aAcuerdo nº 16 de 1924 de agosto, sobre Reglamento del Consejo Social del Distrito de Panamá. |
| 250 | _aEdición oficial. | ||
| 260 |
_aPanamá : _b[s.n.], _c1925. |
||
| 300 |
_a30 p. ; _c23 cm. |
||
| 852 |
_aES-MaACL _j1723-F-15 |
||
| 999 |
_c20955 _d20955 |
||